Responses for Show #8622 - Tuesday, April 19, 2022

Mattea Roach game 11.

Contestants

[<< previous game]

Josh Sen, a student from Edison, New Jersey

Tina DiSciullo-Acker, a manager of development events from Philadelphia, Pennsylvania

Mattea Roach, a tutor from Toronto, Ontario, Canada (whose 10-day cash winnings total $227,601)

[next game >>]

Jeopardy! Round responses

LET'S GET SCIENTIFIC
THE ABCs OF INDIAN FOOD
POSSESSIVE THINGS
NONFICTION TELEVISION
RHYME TIME
I SEE YOU THERE!
    $200 26
clouds

Josh!!
    $200 30
basmati

Mattea
    $200 7
the Gold Rush

Tina
    $200 5
the Chicago Bulls

Mattea
    $200 1
a steak break

Mattea
    $200 16
Ireland

Mattea
    $400 25
fission

Josh!!
    $400 12
Tandoori chicken

Mattea
    $400 9
Alzheimer's

Mattea
    $400 8
Deadliest Catch

Mattea
    $400 2
a Swiss hiss

Josh!!
    $400 17
Bourbon Street

Mattea
    $600 11
a gorilla

Tina
    $600 24
dal

Josh!!
    $600 10
Lexington & Concord

Josh!!
    $600 22
Ripley's Believe It or Not!

Tina
    $600 3
a tissue issue

Mattea
    $600 18
a fjord

Mattea
    $1,800 14
(Ken: All in--doing the little James Holzhauer thing with the chips; you'll have to send him a royalty check.)
[Laughter]
(Josh: If I win.)
...
(Josh: I don't know. I don't know.)

Perseverance

Josh!!
    $800 27
samosa

Josh!!
    $800 13
Aeneas

Josh!!
    $800 23
MythBusters

Josh!!
    $800 4
a rowdy howdy

Tina
    $800 19
(Tina: What is a lava flow?)

a lava tube

Tina
Triple Stumper
    $1000 15
pancreas

Josh!!
    $1000 28
vindaloo

Mattea
    $1000 21
(Josh: Who is St. Michael?)

Peter's Pence

Josh!!
Triple Stumper
    $1000 29
Inside the Actors Studio

Tina
    $1000 6
(Tina: What is a true gumshoe?)

a sleuth truth

Tina
Triple Stumper
    $1000 20
the Bay of Fundy

Mattea

Scores at the first commercial break (after clue 14):

Mattea Tina Josh!!
$2,200 $600 $0

Scores at the end of the Jeopardy! Round:

Mattea Tina Josh!!
$5,600 $1,400 $2,800

Double Jeopardy! Round responses

APRIL FOOLS
MY LITERARY CREATIONS
POLICING & PUNISHMENTS
RELIGION IN THE 13th CENTURY
THE CAST OF THE MOVIE
"ICU" THERE!
    $400 24
an iceberg

Mattea
    $400 1
(Tina: What is Crazy Rich Asians?)

Kevin Kwan

MatteaTina
    $400 2
an indictment

Josh!!
    $400 21
Thomas Becket

Mattea
    $400 9
Thelma & Louise

Josh!!
    $400 16
perpendicular

Josh!!
    $800 25
Earth Day

Josh!!
    $800 4
Margaret Atwood

Mattea
    $800 5
solitary confinement

Josh!!
    $800 22
a synagogue

Triple Stumper
    $800 11
Knives Out

Josh!!
    $800 20
conspicuous

Mattea
    $1200 28
Richard the Lionheart

Mattea
    $1200 3
(John) Irving

Tina
    $1200 8
warrants

Tina
    $1200 23
(Mattea: Who are the Jesuits?)
(Tina: Who are the Augustinians?)

a Dominican

MatteaTina
Triple Stumper
    $1200 10
Pitch Perfect

Tina
    $3,000 17
(Ken: Josh?)
(Josh: No, I'm--I can't.)
...
(Ken: A friend of the court.)

an amicus curiae

Josh!!
    $1600 26
John Wilkes Booth

Josh!!
    $1600 6
(Jhumpa) Lahiri

Josh!!
    $1600 14
a halfway house

Mattea
    $1600 29
the Children's Crusade

Triple Stumper
    $1600 12
(Ken: The action-packed [*], yes.)

My Dinner with Andre

Mattea
    $1600 19
(Mattea: What is agriculture?)

horticulture

MatteaTina
    $2000 27
the Donner Party

Tina
    $2000 7
Gabriel García Márquez

Mattea
    $2000 15
domestic violence

Mattea
    $3,400 30
Zoroastrianism

Mattea
    $2000 13
Eternals

Triple Stumper
    $2000 18
fisticuffs

Josh!!

Scores at the end of the Double Jeopardy! Round:

Mattea Tina Josh!!
$17,400 $7,000 $8,600
(lock game)

[wagering suggestions for these scores]

Final Jeopardy! Round responses

COUNTRIES OF AFRICA
(Ken: [To Tina] That is the French for "teeth"...)
...
(Ken: The Coast of Teeth or Côte de Dents, was named for the elephant tusks found there. We now know it as [*].)
TinaWhat is Dent
$5,000
Josh!!What is Sudan?
$0
MatteaWhat is Mali?
$119
Côte d’Ivoire (Ivory Coast)

Final scores:

Mattea Tina Josh!!
$17,281 $2,000 $8,600
11-day champion: $244,882 3rd place: $1,000 2nd place: $2,000

Game dynamics:

Coryat scores:

Mattea Tina Josh!!
$16,000 $7,000 $13,400
23 R
(including 1 DD),
2 W
10 R,
4 W
18 R,
3 W
(including 2 DDs)

Combined Coryat: $36,400

[game clues] [game scores] [suggest correction]

Game tape date: 2022-02-09
The J! Archive is created by fans, for fans. Scraping, republication, monetization, and malicious use prohibited; this site may use cookies and collect identifying information. See terms. The Jeopardy! game show and all elements thereof, including but not limited to copyright and trademark thereto, are the property of Jeopardy Productions, Inc. and are protected under law. This website is not affiliated with, sponsored by, or operated by Jeopardy Productions, Inc. Join the discussion at JBoard.tv.